000 00488nam a22001817a 4500
008 230921b |||||||| |||| 00| 0 eng d
020 _a9780414070790
050 _aKZ 3295 .I58 2020
_bC.4
100 _aWALLACE, REBECCA M.M.
245 _aINTERNATIONAL LAW
250 _a9TH ED.
260 _aUK
_bSWEET AND MAXWELL
_c2020
300 _aLXIV, 427P.
500 _aINCLUDES BIBLIOGRAPHIC REFERENCES AND INDEX
650 _aInternational law
700 _aET.AL.
942 _2lcc
_cBK
999 _c207207
_d207207